00745cam a22002651 4500001001300000003000400013005001700017008004100034010001700075035002000092040001800112041001100130042001200141050001700153110003000170245008300200260001100283300001900294500002300313650002100336700003200357700003900389700003400428999001700462sa 68006211 DLC20260227112514.0891019s1967 ii 000 0 hino  asa 68006211  a(OCoLC)20514331 aDLCcWaUdDLC0 ahineng apremarc00aPK1931b.B522 aBharatiya Hindi Parishad.00aBhāratīya Hindī Parishad: rajata jayantī samāroha aṅka, 1942-1967. c[1967] a290 p.c25 cm. aEnglish and Hindi. 0aHindi philology.1 aLoṛhā, Kalyāṇamala.1 aŚukla, Govardhananātha,d1915-1 aChaturvedi, Ramswarup,d1931- c81174d81174